000
00222nam a22001097a 4500
003
OSt
008
221102b |||||||| |||| 00| 0 eng d
041
_a
MAL
082
_a
300
_b
SA
245
_a
SAMOOHIKA PADANGAL
942
_c
BK
999
_c
17570
_d
17570